[Event "Petroupoli op 2nd"]
[Site "Petroupoli"]
[Date "2007.06.02"]
[Round "7"]
[White "Lymperopoulos, Georgios"]
[Black "Rigas, Evangelos"]
[Result "1-0"]
[WhiteElo "1847"]
[BlackElo "1000"]
[PlyCount "73"]
[EventDate "2007.05.12"]
[EventType "swiss"]
[EventRounds "7"]
[EventCountry "GRE"]
[SourceTitle "EXT 2008"]
[Source "ChessBase"]
[SourceDate "2007.11.25"]
[SourceVersion "1"]
[SourceVersionDate "2007.11.25"]
[SourceQuality "1"]

1. e4 e5 2. Nf3 Nc6 3. Bb5 a6 4. Ba4 Nf6 5. 0-0 Be7 6. Re1 b5 7. Bb3 0-0 8. h3 d5 9. exd5 Nxd5 10. Nxe5 Nxe5 11. Rxe5 Nf6 12. Nc3 Bd6 13. Re1 Ng4 14. Qf3 Qh4 15. Re4 Bh2+ 16. Kf1 Bd6 17. Rxg4 Bxg4 18. Qxg4 Qf6 19. Ne4 Qe5 20. Nxd6 cxd6 21. d4 Qh2 22. Bh6 g6 23. Bxf8 Qh1+ 24. Ke2 Re8+ 25. Kf3 Qxa1 26. Bxd6 Qxb2 27. Bxf7+ Kg7 28. Bxe8 Qc3+ 29. Ke4 Qxc2+ 30. Ke5 Qxf2 31. Qd7+ Kh8 32. Ke6 Qf5+ 33. Ke7 Qg5+ 34. Kf7 Qd5+ 35. Qe6 Qxe6+ 36. Kxe6 Kg7 37. Be5+ 1-0